LEADER 00936cam a2200313 7i4500
001 0000010171
005 20011009090000.0
022 0 0 |a 981002799 
090 0 0 |a ASIA 382.095001   |b DOI 
245 0 0 |a Doing business in Asia. 
260 0 0 |a Singapore:   |b CCH Asia,   |c [2000]. 
300 # # |a [v.p]. 
650 0 0 |a Business --   |z Australia  
650 0 0 |a Business --   |z Malaysia  
650 0 0 |a Business --   |z China  
650 0 0 |a Business --   |z Korea  
650 0 0 |a Business --   |z India  
650 0 0 |a Business --   |z Japan  
650 0 0 |a Business --   |z Taiwan  
650 0 0 |a Business --   |z Singapore  
650 0 0 |a Business --   |z Philippines  
650 0 0 |a Business --   |z Thailand  
650 0 0 |a Business --   |z Hong Kong  
650 0 0 |a Business --   |z Asia  
650 0 0 |a Business --   |z Myanmar  
650 0 0 |a Business --   |z Vietnam  
650 0 0 |a Business --   |z Indonesia  
651 0 0 |a Asia  
999 |a B000012671  |b Book  |c Reference  |e Business Information Centre